Theory and Research in Sociology (Record no. 7150)

000 -LEADER
fixed length control field 00403 a2200145 4500
082 ## - DEWEY DECIMAL CLASSIFICATION NUMBER
Classification number 301.082
090 ## - LOCALLY ASSIGNED LC-TYPE CALL NUMBER (OCLC); LOCAL CALL NUMBER (RLIN)
-- 3236
-- 3236
100 ## - MAIN ENTRY--PERSONAL NAME
Personal name Abdul Hameed Taga
245 ## - TITLE STATEMENT
Title Theory and Research in Sociology
Statement of responsibility, etc. Abdul Hameed Taga
260 ## - PUBLICATION, DISTRIBUTION, ETC.
Place of publication, distribution, etc. Lahore:
Name of publisher, distributor, etc. A. H. Taga & Sons,
Date of publication, distribution, etc. 2007.
300 ## - PHYSICAL DESCRIPTION
Extent 200 p.
Other physical details : ill.
Dimensions ; 21 cm.
500 ## - GENERAL NOTE
General note Includes Index
650 ## - SUBJECT ADDED ENTRY--TOPICAL TERM
Topical term or geographic name entry element Sociology--Collections.
942 ## - ADDED ENTRY ELEMENTS (KOHA)
Koha item type Book
Call number prefix 301.082 ABD
Holdings
Withdrawn status Lost status Source of classification or shelving scheme Damaged status Not for loan Permanent Location Current Location Shelving location Date acquired Source of acquisition Cost, normal purchase price Total Checkouts Full call number Barcode Date last seen Date last checked out Price effective from Koha item type
          Central Library (CL) Central Library (CL) General Stacks 07/30/2008 Donation 0.00 1 301.082 TAG SEECS009218 06/01/2022 01/24/2022 01/05/2017 Book
          Central Library (CL) Central Library (CL) General Stacks 07/30/2008 Donation 0.00 2 301.082 TAG SEECS009219 09/07/2022 03/31/2021 01/05/2017 Book
© 2023 Central Library, National University of Sciences and Technology. All Rights Reserved.